| 000 | 00499pab a2200169 454500 | ||
|---|---|---|---|
| 008 | 180718b1995 xxu||||| |||| 00| 0 eng d | ||
| 100 | _aPethe, Abhay | ||
| 245 |
_aExpectations, macro-foundations, policy ineffectiveness and culture _ba methodological detour. |
||
| 260 | _c1995 | ||
| 300 | _ap.PE31-37 | ||
| 362 | _a28 Jan | ||
| 650 | _aIndustrial organisation (Economic theory) | ||
| 650 | _aEconomics | ||
| 650 | _aMacroeconomics | ||
| 773 | _aEconomic and Political Weekly | ||
| 909 | _a28560 | ||
| 999 |
_c28560 _d28560 |
||